000 00997nam a2200289 i 4500
003 EG-GICUC
005 20260420155434.0
008 260420s1890 fr fr|||| 00| 0 fre d
040 _aEG-GiCUC
_bfre
_cEG-GiCUC
_dEG-GiCUC
_eRda
041 _afre
082 0 4 _221
_a343.9
_b AC
092 0 4 _221
099 _aLaw1 10 343.9 Ac 1890
111 2 _aCongrès international d'anthropologie criminelle
_cParis , France
_d1889
_n2nd
245 1 0 _a Actes Du Deuxième Congrès International D'anthropologie Criminelle :
_b biologie et sociologie (Paris, août 1889).
264 1 _a Lyon :
_bA. Storck, imprimeur-éditeur,
_c1890.
300 _a540 page;
_c 24 cm.
336 _2rda contenu
_a texte
337 _2rda medias
_aOrdinateur
338 _2 transporteur rda
_a Ressource en ligne
546 _aTexte en français
650 1 _aDroit pénal
_2qrmak
651 1 _2qrmak
856 4 0 _uhttps://fll.law.cu.edu.eg/fulltext/bks/B10-10569.pdf
905 _a167
942 _2ddc
_cBK
_e21
_n0
999 _c72302
_d72302